| 000 | 00450nab a2200145Ia 4500 | ||
|---|---|---|---|
| 003 | ES-SlBCS | ||
| 005 | 20210601132852.0 | ||
| 008 | 140529s1963 xxu||||| |||| 00| 0 ita d | ||
| 041 | _aita | ||
| 100 | 1 |
_aCaboara, Paola _9199666 |
|
| 245 | 0 | 0 |
_aSimbolo ed arte nel pensiero di Suzanne K. Langer _c Paola Caboara |
| 600 | 1 | 4 |
_aLanger, Susana _9157664 |
| 773 | 0 |
_tGiornali di Metafisica _gvol. 18, nº. 4-5, 1963, págs. 412-435 _w0017-0372 |
|
| 942 | _cAR | ||
| 999 |
_c586932 _d586932 |
||